|
|
|
|
| LEADER |
00000nam0a2200000 4500 |
| 001 |
137137 |
| 005 |
20231101220649.0 |
| 035 |
|
|
|a (RuTPU)RU\TPU\book\148629
|
| 090 |
|
|
|a 137137
|
| 100 |
|
|
|a 20080506g1975 m y0rusy5003 ca
|
| 101 |
0 |
|
|a rus
|c gex
|
| 102 |
|
|
|a GE
|
| 105 |
|
|
|a y z 000ay
|
| 200 |
1 |
|
|a Избранные произведения
|e в 3 т.
|h Т. 1 : Я, бабушка Илико и Илларион. Я вижу солнце
|e пер. с груз.
|f Н. В. Думбадзе
|g авт. предисл. Д. Гвинджилиа ; худож. Н. Малазония
|
| 210 |
|
|
|a Тбилиси
|c Мерани
|d 1975
|
| 215 |
|
|
|a 423 с.
|
| 606 |
1 |
|
|a Грузинская литература
|2 stltpush
|3 (RuTPU)RU\TPU\subj\8671
|9 36034
|
| 610 |
1 |
|
|a художественная литература
|
| 610 |
1 |
|
|a романы
|
| 675 |
|
|
|a 894.631
|z rus
|
| 700 |
|
1 |
|a Думбадзе
|b Н. В.
|g Нодар Владимирович
|4 070
|
| 702 |
|
1 |
|a Гвинджилиа
|b Д.
|4 080
|
| 702 |
|
1 |
|a Малазония
|b Н.
|4 440
|
| 801 |
|
0 |
|a RU
|b RuMRKP
|c 19950704
|g psbo
|
| 801 |
|
1 |
|a RU
|b 63413507
|c 20080506
|g PSBO
|
| 801 |
|
2 |
|a RU
|b 63413507
|c 20200629
|g PSBO
|
| 942 |
|
|
|c BK
|